000 01849 a2200205 4500
001 29301
005 20260407155602.0
008 260407a1977 arg spa d
003 AR-UNSa-BCEJYS
040 _aAR-UNSa-BCEJYS
_bspa
_cAR-UNSa-BCEJYS
080 _a658.14
_xFinanciación. Financiación de las empresas. Obtención de capital
245 1 0 _aEl presupuesto de bienes de capital
_pla toma de decisiones
264 1 _aMéxico :
_bFondo de Cultura Económica
_c1977
300 _a462 p.
_c24 cm.
505 _a1. El problema de la administracón de capital - 2. Ilustración de la medidas del valor de la inversión - 3. El valor presente y la tasa de rendimiento - 4. El significado del valor presente - 5. Clasificación de la inversiones - 6. El uso de los flujos de efectivo en la evaluación de las inversiones - 7. Impuesto al ingreso de las empresas y decisiones de inversión - 8. La administración del capital bajo racionamiento - Parte II: 9. Introducción a la incertidumbre - 10. Introducción al análisis de cartera - 11. El modelo de precios de los activos de capital - 12. Aplicación del modelo de precios de los activos de capital a inversones de varios periodos - 13. La incertidumbre y los inversionistas no diversificados - 14. Comprar o rentar - 15. Los conceptos contables compatibles con los cálculos el valor presente - 16. La administración de capital y la inflación - 17. La cronología de la inversión - 18. Evaluación de la propuesta de inversión privada: Un punto de vista de la economía nacional - Parte IV: 20. El empleo de las carteras de inversión para cambiar los riesgos - 21. Modelos para el análisis de cartera - 22. Racionamiento del capital: Un enfoque de programación.
942 _cBK
590 _aniveau_biblio:m niveau_hierar:0
100 1 _aBierman, Harold
700 1 _aSmidt, Seymour
999 _c1845
_d1845